PSICOANALISIS: REVISTA DE LA ASOCIACION PSICOANALITICA DE BUENOS AIRES Nº2-3. (Registro nro. 6283)

Detalles MARC
000 -CABECERA
campo de control de longitud fija 01303nam a2200205 a 4500
003 - IDENTIFICADOR DEL NÚMERO DE CONTROL
campo de control AR-BaBN
005 - FECHA Y HORA DE LA ÚLTIMA TRANSACCIÓN
campo de control 20250924102826.0
007 - CAMPO FIJO DE DESCRIPCIÓN FÍSICA--INFORMACIÓN GENERAL
campo de control de longitud fija ta
008 - DATOS DE LONGITUD FIJA--INFORMACIÓN GENERAL
campo de control de longitud fija 150929s1981 000 spa d
022 ## - NÚMERO INTERNACIONAL NORMALIZADO PARA PUBLICACIONES SERIADAS
Número Internacional Normalizado para Publicaciones Seriadas 0325-819X
040 ## - FUENTE DE LA CATALOGACIÓN
Centro/agencia transcriptor
080 ## - NÚMERO DE LA CLASIFICACIÓN DECIMAL UNIVERSAL
Número de la Clasificación Decimal Universal 159.964
245 #0 - MENCIÓN DE TÍTULO
Título PSICOANALISIS: REVISTA DE LA ASOCIACION PSICOANALITICA DE BUENOS AIRES Nº2-3.
Resto del título Sexualidad
260 ## - PUBLICACIÓN, DISTRIBUCIÓN, ETC. (PIE DE IMPRENTA)
Fecha de publicación, distribución, etc. 1981.
500 ## - NOTA GENERAL
Nota general Abuso sexual / Diana Becher de Goldberg y María Lea K. de Kuitca<br/>Pornografía, obscenidad, erotismo, ¿sólo variables lingüísticas? / Carlos Enrique Berbeglia<br/>Los determinantes biológicos de la sexualidad humana y su rol en el complejo mosaico de la diferenciación sexual / Héctor E. Chemes<br/>Mujer - varón, ¿con-figuración vincular? Reflexiones sobre género y psicoanálisis vincular / Norberto Inda<br/>Sexualidad y biología / Alejandro Kacelnik<br/>El padre ausente: su papel en las desviaciones sexuales y en la transferencia / Mauro Mancia<br/>Reconsideraciones sobre la genitalidad / Rodolfo Moguillansky y Guillermo Seiguer<br/>La histeria hoy, la sexualidad hoy... / Julio H. Moreno<br/>Sida: una experiencia interdisciplinaria / César N. Forster
650 ## - PUNTO DE ACCESO ADICIONAL DE MATERIA--TÉRMINO DE MATERIA
Término de materia o nombre geográfico como elemento inicial Psicologia
9 (RLIN) 108
942 ## - ELEMENTOS DE PUNTO DE ACCESO ADICIONAL (KOHA)
Fuente del sistema de clasificación o colocación Clasificación Decimal Universal
Tipo de ítem Koha Libros
956 ## - LOCALIZACIÓN Y ACCESO ELECTRÓNICOS LOCAL (OCLC)
Nombre del host MFLORES
Número de acceso 00
Información sobre la compresión 20150929
Proceso de conexión (Logon) BNA01
Procesador de la petición 1330
956 ## - LOCALIZACIÓN Y ACCESO ELECTRÓNICOS LOCAL (OCLC)
Nombre del host MFLORES
Número de acceso 00
Información sobre la compresión 20150929
Proceso de conexión (Logon) BNA01
Procesador de la petición 1330
Existencias
Estado de retiro Estado de pérdida Fuente del sistema de clasificación o colocación Estado dañado Excepción de préstamo Localización permanente Ubicación/localización actual Ubicación en estantería Fecha de adquisición Fuente de adquisición Número de inventario Total de préstamos Signatura topográfica completa Código de barras Fecha visto por última vez Precio válido a partir de Tipo de ítem Koha
    Clasificación Decimal Universal     BIBLIOTECA RIOBAMBA BIBLIOTECA RIOBAMBA BIBLIOTECA RIOBAMBA 23/09/2025 Donación 9057   159.964 ASO 9057 23/09/2025 23/09/2025 Libros